000 00293nam a2200109Ia 4500
008 180205s9999 xx 000 0 und d
020 _a866121218
100 _aWoods, Robert H.
245 _aHuman resources management /
260 _aUSA
_bEducational Institute
_c1995
300 _aix, 475 pages
999 _c354856
_d354856